Zap! : (Record no. 9121)

MARC details
000 -LEADER
fixed length control field 01047nam a22003017a 4500
001 - CONTROL NUMBER
control field 9121
003 - CONTROL NUMBER IDENTIFIER
control field FISKH
005 - DATE AND TIME OF LATEST TRANSACTION
control field 20251124101757.0
008 - FIXED-LENGTH DATA ELEMENTS--GENERAL INFORMATION
fixed length control field 251124b cb ||||| |||| 00| 0 eng d
020 ## - INTERNATIONAL STANDARD BOOK NUMBER
International Standard Book Number 9781491410684
040 ## - CATALOGING SOURCE
Original cataloging agency FISKH
Language of cataloging eng
Transcribing agency FISKH
Modifying agency FISKH
050 ## - LIBRARY OF CONGRESS CALL NUMBER
Classification number QC73.4 .S57
082 ## - DEWEY DECIMAL CLASSIFICATION NUMBER
Classification number 531.6
100 ## - MAIN ENTRY--PERSONAL NAME
Personal name Slade, Suzanne
Relator term Author
245 ## - TITLE STATEMENT
Title Zap! :
Remainder of title Wile E. Coyote experiments with energy /
Statement of responsibility, etc. by Suzanne Slade ; illustrated by Andrés Martínez Ricci
260 ## - PUBLICATION, DISTRIBUTION, ETC.
Place of publication, distribution, etc. Minnesota :
Name of publisher, distributor, etc. Capstone Press ,
Date of publication, distribution, etc. 2014
300 ## - PHYSICAL DESCRIPTION
Extent 32 pages :
Other physical details color illustrations ;
Dimensions 23 cm
490 ## - SERIES STATEMENT
Series statement Wile E. Coyote, physical science genius
505 ## - FORMATTED CONTENTS NOTE
Formatted contents note L<br/>
520 ## - SUMMARY, ETC.
Summary, etc. "Uses popular cartoon character Wile E. Coyote to demonstrate science concepts involved with energy"--Provided by publisher."--
521 8# - TARGET AUDIENCE NOTE
Target audience note 600<br/>
Source Lexile estimate<br/>
521 8# - TARGET AUDIENCE NOTE
Target audience note L<br/>
Source Raz-Plus<br/>
650 ## - SUBJECT ADDED ENTRY--TOPICAL TERM
Topical term or geographic name entry element Children's science
Form subdivision Physics
650 ## - SUBJECT ADDED ENTRY--TOPICAL TERM
Topical term or geographic name entry element Renewable energy
Form subdivision Cartoons
700 ## - ADDED ENTRY--PERSONAL NAME
Personal name Ricci, Andrés Martínez
Relator term Illustrator
942 ## - ADDED ENTRY ELEMENTS (KOHA)
Source of classification or shelving scheme Dewey Decimal Classification
Koha item type Books
Suppress in OPAC No
Holdings
Withdrawn status Lost status Source of classification or shelving scheme Damaged status Not for loan Collection Home library Current library Shelving location Date acquired Total Checkouts Full call number Barcode Date last seen Copy number Price effective from Koha item type
    Dewey Decimal Classification     Juvenile Fiction Footprints International School Library Network Toul Tom Poung Campus Footprints International School Library Network Toul Tom Poung Campus TTP Primary Yellow Bookshelves 11/24/2025   SLA 531.6 QC73.4 .S57 2025-4889 11/24/2025 1 11/24/2025 Books